[Event "Hessen Senioren-ch 2012  8th"]
[Site "Bad Sooden-Adf. (14.4.-22.4)"]
[Date "2012.04.18"]
[Round "5.69"]
[White "Knaak, Hans"]
[Black "Scholze, Roland"]
[Result "1/2-1/2"]
[WhiteElo "1582"]
[BlackElo "1630"]
[PlyCount "83"]
[EventDate "2012.04.??"]
[EventType "swiss"]
[EventRounds "9"]
[EventCountry "GER"]
[WhiteTeam "Forster 95 SC"]
[BlackTeam "Dresden Lok SV"]

1. d4 Nf6 2. c4 g6 3. Nc3 Bg7 4. e4 d6 5. f3 O-O 6. Be3 Nbd7 7. Bd3 c5 8. Nge2
cxd4 9. Nxd4 Ne5 10. Qd2 Nxd3+ 11. Qxd3 a6 12. O-O Nd7 13. Qd2 Ne5 14. b3 f5
15. Bh6 Qb6 16. Bxg7 Kxg7 17. Kh1 Bd7 18. Nd5 Qd8 19. f4 Nc6 20. exf5 Bxf5 21.
Nxf5+ Rxf5 22. Rae1 e5 23. g4 Rf7 24. Rf3 Ne7 25. f5 Nxd5 26. Qxd5 Qc7 27. Rh3
Raf8 28. Rd1 Rf6 29. g5 Rxf5 30. Qxd6 Rf1+ 31. Kg2 R1f2+ 32. Kg1 Qxd6 33. Rxd6
R2f5 34. Rd7+ R8f7 35. Rxf7+ Rxf7 36. Re3 Rf5 37. h4 Kf7 38. Kg2 Ke6 39. Kg3
Rf1 40. Rf3 Rxf3+ 41. Kxf3 Kf5 42. c5 1/2-1/2

[Event "Hessen Senioren-ch 2012  8th"]
[Site "Bad Sooden-Adf. (14.4.-22.4)"]
[Date "2012.04.18"]
[Round "5.70"]
[White "Stuiber, WIlhelm"]
[Black "Bill, Eugen"]
[Result "1/2-1/2"]
[WhiteElo "1642"]
[BlackElo "1558"]
[PlyCount "55"]
[EventDate "2012.04.??"]
[EventType "swiss"]
[EventRounds "9"]
[EventCountry "GER"]
[WhiteTeam "Euskirchen SK"]
[BlackTeam "Limburg Lahn SV"]

1. e3 d5 2. d4 Nf6 3. f4 g6 4. Nf3 Bg7 5. Bd3 O-O 6. O-O Bg4 7. Nbd2 Nbd7 8. c3
c5 9. h3 Bxf3 10. Nxf3 Rc8 11. Ne5 Ne4 12. Qf3 Ndf6 13. g4 e6 14. Kg2 cxd4 15.
exd4 Nd6 16. Be3 Nfe4 17. Qe2 Qh4 18. Bf2 Nxf2 19. Rxf2 Qe7 20. Qc2 Nc4 21. Qe2
Nxe5 22. fxe5 Qg5 23. Qd2 Qxd2 24. Rxd2 f5 25. exf6 Bxf6 26. Re2 Bh4 27. Rf1
Rxf1 28. Kxf1 1/2-1/2

[Event "Hessen Senioren-ch 2012  8th"]
[Site "Bad Sooden-Adf. (14.4.-22.4)"]
[Date "2012.04.18"]
[Round "5.71"]
[White "Neumann, Peter Dr(39)"]
[Black "Brandt, Fred(36)"]
[Result "1/2-1/2"]
[WhiteElo "1462"]
[BlackElo "1687"]
[PlyCount "110"]
[EventDate "2012.04.??"]
[EventType "swiss"]
[EventRounds "9"]
[EventCountry "GER"]
[WhiteTeam "Warnemünde SF"]
[BlackTeam "Berlin Königsjäger SW SV"]

1. d4 Nf6 2. c4 e6 3. Nc3 d5 4. Bg5 Bd6 5. Nf3 c6 6. cxd5 exd5 7. e3 Bg4 8. Be2
Nbd7 9. Bh4 O-O 10. Bg3 Qc7 11. Rc1 Bxg3 12. hxg3 a6 13. Qc2 g6 14. Bd3 Bxf3
15. gxf3 Kg7 16. Kf1 Rae8 17. Kg2 Rh8 18. e4 dxe4 19. fxe4 Qb6 20. e5 Ng4 21.
Ne2 Ngxe5 22. Rcf1 Nxd3 23. Qxd3 Qxb2 24. Kf3 h5 25. a3 Qa2 26. Nf4 f5 27. Qc3
Qf7 28. d5+ Ne5+ 29. Kg2 cxd5 30. Re1 Qf6 31. Nxd5 Qd6 32. Rd1 Rc8 33. Qb2 Kf7
34. Qxb7+ Nd7 35. Nb6 Rb8 36. Qxd7+ Qxd7 37. Nxd7 Rb3 38. Ra1 Rc8 39. Ne5+ Kf6
40. Nf3 Rcc3 41. Nd4 Rb2 42. Rhe1 a5 43. a4 Rc4 44. Nb5 Rcc2 45. Rf1 g5 46.
Rad1 g4 47. Rd6+ Kg5 48. Rb6 h4 49. gxh4+ Kxh4 50. Nd4 Rc5 51. Rh6+ Kg5 52.
Ne6+ Kxh6 53. Nxc5 Rc2 54. Nb3 Rb2 55. Nxa5 Ra2 1/2-1/2

[Event "Hessen Senioren-ch 2012  8th"]
[Site "Bad Sooden-Adf. (14.4.-22.4)"]
[Date "2012.04.18"]
[Round "5.72"]
[White "Ludwig, Richard(44)"]
[Black "Claus, Joachim"]
[Result "0-1"]
[WhiteElo "1497"]
[BlackElo "1684"]
[PlyCount "72"]
[EventDate "2012.04.??"]
[EventType "swiss"]
[EventRounds "9"]
[EventCountry "GER"]
[WhiteTeam "Irxleben SV"]
[BlackTeam "Witten SG"]

1. e4 d5 2. exd5 Nf6 3. Nc3 Nxd5 4. Nxd5 Qxd5 5. Nf3 e5 6. Qe2 Bd6 7. Qb5+ c6
8. Qxd5 cxd5 9. Bb5+ Bd7 10. Bxd7+ Nxd7 11. d3 Rc8 12. c3 O-O 13. O-O h6 14. h3
b6 15. Bd2 b5 16. Rfe1 Rfe8 17. Rac1 Nc5 18. d4 Nd3 19. Rxe5 Bxe5 20. dxe5 Nxc1
21. Bxc1 b4 22. Bd2 bxc3 23. Bxc3 a5 24. a3 a4 25. Kf1 g5 26. g4 Kh7 27. Kg2
Kg6 28. Kg3 Rc7 29. h4 Rec8 30. h5+ Kh7 31. Nd4 Rxc3+ 32. bxc3 Rxc3+ 33. Kg2
Rxa3 34. e6 fxe6 35. Nxe6 Rc3 36. Nd4 a3 0-1

[Event "Hessen Senioren-ch 2012  8th"]
[Site "Bad Sooden-Adf. (14.4.-22.4)"]
[Date "2012.04.18"]
[Round "5.73"]
[White "Schuetze, Manfred(41)"]
[Black "Auerswald, Gottfried Dr"]
[Result "1/2-1/2"]
[WhiteElo "1633"]
[BlackElo "1499"]
[PlyCount "48"]
[EventDate "2012.04.??"]
[EventType "swiss"]
[EventRounds "9"]
[EventCountry "GER"]
[WhiteTeam "Gräfenhainichen VfL"]
[BlackTeam "Dingelstädt SK"]

1. d4 Nf6 2. Nf3 d5 3. Bf4 e6 4. e3 Nbd7 5. h3 c6 6. c3 Qb6 7. Qc2 Ne4 8. Nbd2
Ndf6 9. Bd3 Nxd2 10. Nxd2 g6 11. O-O Bg7 12. Nf3 O-O 13. a4 a5 14. Rab1 Qd8 15.
Rfe1 Nd7 16. e4 dxe4 17. Bxe4 Nf6 18. Bd3 Nd5 19. Bh2 b6 20. Bf1 Ba6 21. Bxa6
Rxa6 22. Ng5 Qc8 23. Qe4 Rd8 24. Nf3 Ra7 1/2-1/2

[Event "Hessen Senioren-ch 2012  8th"]
[Site "Bad Sooden-Adf. (14.4.-22.4)"]
[Date "2012.04.18"]
[Round "5.74"]
[White "Graffenberger, Wilhelm"]
[Black "Roth, Reinhard"]
[Result "1/2-1/2"]
[WhiteElo "1484"]
[BlackElo "1596"]
[PlyCount "41"]
[EventDate "2012.04.??"]
[EventType "swiss"]
[EventRounds "9"]
[EventCountry "GER"]
[WhiteTeam "Hamburger SK"]
[BlackTeam "Königstein/Schwalbach Sfr."]

1. d4 d5 2. Nf3 Nf6 3. e3 Nc6 4. Bd3 Bg4 5. Nbd2 e5 6. dxe5 Nxe5 7. Be2 Bd6 8.
h3 Bh5 9. O-O Bg6 10. Nh4 Ne4 11. Nxg6 Nxd2 12. Nxh8 Nxf1 13. Kxf1 c6 14. Qd4
Qe7 15. f4 Qf6 16. Bf3 Nxf3 17. Qxf6 gxf6 18. gxf3 Ke7 19. Nxf7 Kxf7 20. Bd2
Rg8 21. Kf2 1/2-1/2

[Event "Hessen Senioren-ch 2012  8th"]
[Site "Bad Sooden-Adf. (14.4.-22.4)"]
[Date "2012.04.18"]
[Round "5.75"]
[White "Schumacher, Ursula"]
[Black "Barlo, Werner"]
[Result "1-0"]
[WhiteElo "1446"]
[BlackElo "1594"]
[PlyCount "61"]
[EventDate "2012.04.??"]
[EventType "swiss"]
[EventRounds "9"]
[EventCountry "GER"]
[WhiteTeam "Bad Neuenahr SC"]
[BlackTeam "Berlin Zehlendorf SK"]

1. c4 Nf6 2. Nc3 e6 3. d4 d5 4. Nf3 Bb4 5. cxd5 Nxd5 6. Bd2 O-O 7. g3 Nd7 8.
Nxd5 Bxd2+ 9. Qxd2 exd5 10. Bg2 c6 11. O-O Nb6 12. b3 Re8 13. Rfe1 f6 14. e3
Bg4 15. Qc2 Qd7 16. Nd2 Bf5 17. Qc5 Nc8 18. Rac1 Nd6 19. a4 a6 20. f3 Re7 21.
Kf2 Rae8 22. Rc3 Bg6 23. g4 f5 24. h3 fxg4 25. hxg4 Rf8 26. Kg3 h5 27. Rf1 Qc7
28. Kf2 Ree8 29. Ke2 Rf7 30. Kd1 Ref8 31. Kc1 1-0

[Event "Hessen Senioren-ch 2012  8th"]
[Site "Bad Sooden-Adf. (14.4.-22.4)"]
[Date "2012.04.18"]
[Round "5.76"]
[White "Grueneschild, Hildegard"]
[Black "Grasmeyer, Klaus-Peter"]
[Result "0-1"]
[WhiteElo "1380"]
[BlackElo "1693"]
[PlyCount "98"]
[EventDate "2012.04.??"]
[EventType "swiss"]
[EventRounds "9"]
[EventCountry "GER"]
[WhiteTeam "München Schach-Union"]
[BlackTeam "Villingen SK"]

1. c4 Nf6 2. g3 e6 3. Bg2 d5 4. cxd5 exd5 5. Nf3 Be7 6. d3 O-O 7. O-O c6 8. Nc3
Re8 9. Bf4 h6 10. d4 Be6 11. Re1 Nbd7 12. Rc1 Bf5 13. Qb3 Nb6 14. Nd2 Nh5 15.
Be3 Bd6 16. Na4 Nf6 17. Nxb6 axb6 18. a3 b5 19. Nf1 Ra4 20. Bd2 Rxd4 21. Bc3
Ra4 22. Bxf6 Qxf6 23. Nd2 Kf8 24. e3 Be5 25. e4 dxe4 26. Bxe4 Be6 27. Qf3 Qxf3
28. Nxf3 Bxb2 29. Rcd1 Rxa3 30. Rd6 Bg4 31. Nh4 Bh3 32. Ng2 Bxg2 33. Kxg2 f5
34. Rd7 Rxe4 35. Red1 Re7 36. Rd8+ Kf7 37. R8d7 Ra4 38. R7d3 Rae4 39. Rf3 g6
40. h3 Kg7 41. Rfd3 b4 42. Rd7 c5 43. R7d5 Bd4 44. Kf3 b3 45. Rb1 b2 46. Rxd4
cxd4 47. Rxb2 d3 48. Rd2 Rd4 49. Rd1 d2 0-1

[Event "Hessen Senioren-ch 2012  8th"]
[Site "Bad Sooden-Adf. (14.4.-22.4)"]
[Date "2012.04.18"]
[Round "5.77"]
[White "Heimberg, Guenter"]
[Black "Hespers, Rolf"]
[Result "1-0"]
[WhiteElo "1658"]
[BlackElo "1465"]
[PlyCount "79"]
[EventDate "2012.04.??"]
[EventType "swiss"]
[EventRounds "9"]
[EventCountry "GER"]
[WhiteTeam "Wennigsen SK"]
[BlackTeam "Weida(Thür) Osterburg TuS"]

1. c4 Nf6 2. Nc3 e6 3. e4 Bb4 4. Nge2 d6 5. a3 Bxc3 6. Nxc3 O-O 7. d3 h6 8. g3
Bd7 9. Bg2 e5 10. O-O Nc6 11. Ne2 a6 12. h3 Nh7 13. f4 f5 14. Kh2 fxe4 15. Bxe4
Rb8 16. Be3 Qe8 17. f5 Ne7 18. g4 Bc6 19. Qd2 Nf6 20. Ng3 Bxe4 21. dxe4 Kh7 22.
Qe2 Qc6 23. Bd2 Rh8 24. b3 Kg8 25. Rg1 Kf7 26. Rg2 Rbg8 27. Rag1 Ke8 28. Rh1
Kd8 29. Rhg1 Rh7 30. Re1 Qe8 31. Kg1 Qc6 32. Kf1 g6 33. fxg6 Rxg6 34. Nf5 Qe8
35. Rf2 Nxf5 36. Rxf5 Rf7 37. Qf3 Ke7 38. Re2 Ng8 39. Rf2 Rxf5 40. exf5 1-0

[Event "Hessen Senioren-ch 2012  8th"]
[Site "Bad Sooden-Adf. (14.4.-22.4)"]
[Date "2012.04.18"]
[Round "5.78"]
[White "Viererbe, Hartmut"]
[Black "Wilfert, Eva-Maria"]
[Result "1/2-1/2"]
[WhiteElo "1607"]
[BlackElo "1469"]
[PlyCount "58"]
[EventDate "2012.04.??"]
[EventType "swiss"]
[EventRounds "9"]
[EventCountry "GER"]
[WhiteTeam "Nordhausen 51 SC"]
[BlackTeam "Hof PTSV SK"]

1. Nf3 Nf6 2. c4 b6 3. Nc3 Bb7 4. b3 e6 5. Bb2 Be7 6. Qc2 Nc6 7. O-O-O Nb4 8.
Qb1 Ng4 9. a3 Na6 10. Re1 Nxf2 11. Rg1 Ng4 12. h3 Nh6 13. d4 d5 14. e3 dxc4 15.
bxc4 Bf6 16. Bd3 g6 17. Qc2 O-O 18. Kb1 Bg7 19. Qf2 c5 20. Na2 cxd4 21. exd4
Nf5 22. g4 Nd6 23. h4 Rc8 24. Nd2 Qd7 25. Nf3 Nb8 26. Qe2 Nc6 27. Nc3 Na5 28.
Rc1 Nb3 29. Rc2 Qa4 1/2-1/2

[Event "Hessen Senioren-ch 2012  8th"]
[Site "Bad Sooden-Adf. (14.4.-22.4)"]
[Date "2012.04.18"]
[Round "5.79"]
[White "Daebel, Hasso Dr"]
[Black "Tomas, Johann"]
[Result "1-0"]
[WhiteElo "1473"]
[BlackElo "1567"]
[PlyCount "79"]
[EventDate "2012.04.??"]
[EventType "swiss"]
[EventRounds "9"]
[EventCountry "GER"]
[WhiteTeam "Drewer 54 SG"]
[BlackTeam "Bad Sooden-Allendorf SK"]

1. Nf3 d5 2. d4 Nc6 3. Bf4 e6 4. e3 a6 5. Nbd2 Nge7 6. a3 Ng6 7. Bg3 Bd6 8. c4
Bxg3 9. hxg3 dxc4 10. Nxc4 Bd7 11. Nce5 Ngxe5 12. Nxe5 Nxe5 13. dxe5 Bc6 14. f3
Qg5 15. Kf2 Qxe5 16. Qe2 h6 17. Rd1 Rd8 18. Rxd8+ Kxd8 19. Qd3+ Ke7 20. Qd4
Qxd4 21. exd4 Rd8 22. Ke3 f6 23. Bd3 e5 24. dxe5 fxe5 25. Rc1 Rd6 26. Rc5 Kf6
27. Rc2 g5 28. g4 Ke6 29. Be4 Kd7 30. Bf5+ Kd8 31. Be4 Bd5 32. Bxd5 Rxd5 33.
Ke4 c6 34. Kf5 Ke7 35. Re2 Kd6 36. Kg6 Kc5 37. Kxh6 Kd4 38. Re4+ Kc5 39. Kxg5
Kd6 40. b4 1-0

[Event "Hessen Senioren-ch 2012  8th"]
[Site "Bad Sooden-Adf. (14.4.-22.4)"]
[Date "2012.04.18"]
[Round "5.80"]
[White "Geist, Wolfgang"]
[Black "Schiller, Hans(42)"]
[Result "0-1"]
[WhiteElo "1348"]
[BlackElo "1611"]
[PlyCount "120"]
[EventDate "2012.04.??"]
[EventType "swiss"]
[EventRounds "9"]
[EventCountry "GER"]
[WhiteTeam "Artern 90 SSV"]
[BlackTeam "Bad Lausick Sfr."]

1. d4 d5 2. Nf3 Nf6 3. e3 e6 4. Bd3 Be7 5. Nbd2 O-O 6. O-O Nbd7 7. c3 c5 8. Bc2
b6 9. Re1 Bb7 10. Ne5 Nxe5 11. dxe5 Nd7 12. f4 Qe8 13. Rf1 f6 14. Nf3 fxe5 15.
Nxe5 Nxe5 16. fxe5 Rxf1+ 17. Qxf1 Qh5 18. Bd2 Qxe5 19. Qd3 Qh5 20. Rf1 Bd6 21.
g3 a5 22. b3 Be5 23. Bd1 Qe8 24. Rf2 Qc6 25. Bf3 Rf8 26. Bg2 Rxf2 27. Kxf2 Qc8
28. Qe2 Bf6 29. Bf3 Ba6 30. Qe1 Bd3 31. Be2 Bg6 32. Qd1 d4 33. c4 e5 34. g4 Qc6
35. Bf3 e4 36. Bg2 Bh4+ 37. Kg1 d3 38. Qf1 Bg5 39. Qf2 Bf6 40. Qg3 h6 41. h4
Qe6 42. h5 Be8 43. Qf4 Bc6 44. Qf5 Qxf5 45. gxf5 Be5 46. Bh3 Kf7 47. Kg2 Kf6
48. Bg4 Kg5 49. Kh3 Bd7 50. Be1 Kf6 51. Bh4+ Kf7 52. Be1 Bf6 53. Bd2 Bb2 54. f6
Bxg4+ 55. Kxg4 Ba3 56. fxg7 Kxg7 57. Kf4 Bb4 58. Kxe4 Bxd2 59. Kxd3 Bc1 60. e4
Kf6 0-1

[Event "Hessen Senioren-ch 2012  8th"]
[Site "Bad Sooden-Adf. (14.4.-22.4)"]
[Date "2012.04.18"]
[Round "5.82"]
[White "Hegner, Peter"]
[Black "Knobling, Rolf"]
[Result "1-0"]
[WhiteElo "1570"]
[BlackElo "1346"]
[PlyCount "65"]
[EventDate "2012.04.??"]
[EventType "swiss"]
[EventRounds "9"]
[EventCountry "GER"]
[WhiteTeam "Bad Soden SC"]
[BlackTeam "Erfurt USV"]

1. e4 c5 2. Nc3 Nc6 3. f4 d6 4. Bb5 Bd7 5. Nf3 e6 6. O-O g6 7. d3 Bg7 8. Qe1
Nge7 9. Kh1 a6 10. Bxc6 Bxc6 11. Bd2 O-O 12. Rd1 b5 13. b3 Qc7 14. Ne2 a5 15.
Ng3 a4 16. Bc3 f6 17. d4 b4 18. dxc5 dxc5 19. Bb2 Qxf4 20. Nd4 Qd6 21. Ndf5 Qc7
22. Nxg7 Kxg7 23. e5 f5 24. Ne2 Rfd8 25. Qh4 Nd5 26. Rxd5 Rxd5 27. Qf6+ Kg8 28.
Qxe6+ Kf8 29. Qf6+ Ke8 30. Nf4 Rd7 31. e6 Rdd8 32. Qh8+ Ke7 33. Qxh7+ 1-0

[Event "Hessen Senioren-ch 2012  8th"]
[Site "Bad Sooden-Adf. (14.4.-22.4)"]
[Date "2012.04.18"]
[Round "5.83"]
[White "Jobski, Werner"]
[Black "Wauer, Klaus"]
[Result "1/2-1/2"]
[WhiteElo "1483"]
[BlackElo "1362"]
[PlyCount "45"]
[EventDate "2012.04.??"]
[EventType "swiss"]
[EventRounds "9"]
[EventCountry "GER"]
[WhiteTeam "Schwerte 1951 Sfr."]
[BlackTeam "Nordhausen 51 SC"]

1. e4 c5 2. Nf3 d6 3. Be2 Nf6 4. Nc3 a6 5. d4 cxd4 6. Nxd4 Nc6 7. Be3 Qc7 8. h3
e6 9. Qd2 Be7 10. O-O b5 11. a3 Bb7 12. Bf3 Ne5 13. Qe2 Rc8 14. Rac1 O-O 15.
Rfd1 Nc4 16. Rb1 Nxa3 17. bxa3 Qxc3 18. Rb3 Qc4 19. Qxc4 Rxc4 20. Be2 Rc7 21.
f3 Rfc8 22. Bd3 Rc3 23. Bd2 1/2-1/2

[Event "Hessen Senioren-ch 2012  8th"]
[Site "Bad Sooden-Adf. (14.4.-22.4)"]
[Date "2012.04.18"]
[Round "5.84"]
[White "Hartlaub, Marianne"]
[Black "Zoll, Theo"]
[Result "0-1"]
[WhiteElo "1328"]
[BlackElo "1540"]
[PlyCount "50"]
[EventDate "2012.04.??"]
[EventType "swiss"]
[EventRounds "9"]
[EventCountry "GER"]
[WhiteTeam "Klingenberg SK"]
[BlackTeam "Göttingen Rot-Weiß ESV"]

1. Nf3 Nf6 2. c4 c6 3. d4 d5 4. b3 Bf5 5. Nc3 e6 6. Bb2 Nbd7 7. g3 Be7 8. Bg2
O-O 9. Nh4 Bg4 10. O-O Ne4 11. Nxe4 dxe4 12. Bxe4 Bxh4 13. gxh4 Qxh4 14. Kh1
Bh3 15. Bg2 Bxg2+ 16. Kxg2 Nf6 17. Qd3 Nh5 18. Bc3 f5 19. Kh1 f4 20. Qe4 Rae8
21. Qg2 f3 22. Qg1 Rf5 23. Rad1 Rg5 24. Qxg5 Qxg5 25. Rg1 Qh4 0-1

[Event "Hessen Senioren-ch 2012  8th"]
[Site "Bad Sooden-Adf. (14.4.-22.4)"]
[Date "2012.04.18"]
[Round "5.85"]
[White "Preiss, Lore"]
[Black "Rollwitz, Inge"]
[Result "1/2-1/2"]
[WhiteElo "1524"]
[BlackElo "1255"]
[PlyCount "106"]
[EventDate "2012.04.??"]
[EventType "swiss"]
[EventRounds "9"]
[EventCountry "GER"]
[WhiteTeam "Steinhagen SK"]
[BlackTeam "Berlin Wedding SG"]

1. d4 d6 2. Nf3 g6 3. e4 Bg7 4. Be2 c6 5. O-O Qc7 6. Nbd2 Nf6 7. h3 e5 8. dxe5
dxe5 9. c3 O-O 10. Qc2 b5 11. c4 a6 12. b3 b4 13. Bb2 Nfd7 14. a3 c5 15. axb4
cxb4 16. Ne1 Nc5 17. Nd3 Nxd3 18. Bxd3 Rd8 19. Nf3 Nc6 20. Rfd1 Bb7 21. Bc1 Nd4
22. Nxd4 exd4 23. Qe2 a5 24. Bg5 Rd7 25. Bh4 Qc5 26. Bg3 Be5 27. Qg4 Re7 28.
Bxe5 Qxe5 29. Re1 Bc6 30. Ra2 Rea7 31. Rea1 h5 32. Qe2 a4 33. bxa4 Rxa4 34.
Rxa4 Rxa4 35. Rxa4 Bxa4 36. Qa2 Qa5 37. Qb2 b3 38. Qxd4 Qe1+ 39. Kh2 Qd2 40.
Qe3 Qc3 41. Qe2 b2 42. Bb1 Bb3 43. e5 Bxc4 44. Qe4 Qc1 45. f3 Be6 46. g4 h4 47.
Kg2 Bd5 48. Qxd5 Qxb1 49. Qd8+ Kg7 50. Qxh4 Kg8 51. Qd8+ Kg7 52. Qf6+ Kf8 53.
Qd8+ Kg7 1/2-1/2

[Event "Hessen Senioren-ch 2012  8th"]
[Site "Bad Sooden-Adf. (14.4.-22.4)"]
[Date "2012.04.18"]
[Round "5.86"]
[White "Draxler, Gottfried"]
[Black "Britz, Helmut"]
[Result "1-0"]
[WhiteElo "1697"]
[BlackElo "1344"]
[PlyCount "69"]
[EventDate "2012.04.??"]
[EventType "swiss"]
[EventRounds "9"]
[EventCountry "GER"]
[WhiteTeam "Neuberg Sfr."]
[BlackTeam "GER/"]

1. d4 d5 2. c4 c6 3. cxd5 cxd5 4. Nc3 e6 5. Nf3 Nc6 6. a3 Nf6 7. h3 h6 8. e3
Be7 9. Bd3 O-O 10. b4 a6 11. Bb2 Bd7 12. Rc1 b5 13. O-O Rc8 14. Bb1 Ne8 15. Qd3
f5 16. Ne2 g5 17. Ne5 Nxe5 18. dxe5 Ng7 19. g4 Rc4 20. Ng3 Qe8 21. Ba2 Rxc1 22.
Rxc1 fxg4 23. Bb1 Nf5 24. hxg4 Qf7 25. gxf5 exf5 26. Rc7 Be6 27. Nxf5 Bxf5 28.
Qxf5 Qxf5 29. Bxf5 Rxf5 30. Rxe7 g4 31. Kg2 h5 32. Bd4 Rf3 33. Re6 Rh3 34. Rxa6
h4 35. Rg6+ 1-0

[Event "Hessen Senioren-ch 2012  8th"]
[Site "Bad Sooden-Adf. (14.4.-22.4)"]
[Date "2012.04.18"]
[Round "5.87"]
[White "Narr, Irmgard"]
[Black "Borkenhagen, Bernd"]
[Result "1-0"]
[WhiteElo "1485"]
[BlackElo "1358"]
[PlyCount "69"]
[EventDate "2012.04.??"]
[EventType "swiss"]
[EventRounds "9"]
[EventCountry "GER"]
[WhiteTeam "Mühlhof-Rdf. SC"]
[BlackTeam "Hamelner SV"]

1. e4 e5 2. Nf3 d6 3. d4 exd4 4. Nxd4 Be7 5. Nc3 c6 6. Bc4 Nf6 7. a3 a6 8. O-O
O-O 9. Be3 b5 10. Bd3 Bg4 11. Nf3 Nbd7 12. h3 Bxf3 13. Qxf3 Ne5 14. Qe2 Nxd3
15. Qxd3 Qc7 16. Bf4 Nd7 17. Rad1 Ne5 18. Qg3 Rad8 19. Rfe1 Rd7 20. Ne2 Ng6 21.
Bc1 Bf6 22. c3 Re8 23. Nf4 Nxf4 24. Qxf4 h6 25. Qg4 Kf8 26. Bf4 Be5 27. Bxe5
Rxe5 28. f4 Ree7 29. Rd3 Qb6+ 30. Kh1 Qc7 31. Rg3 f6 32. Qg6 Qd8 33. Qh7 Rf7
34. Rge3 Rde7 35. Qh8# 1-0

[Event "Hessen Senioren-ch 2012  8th"]
[Site "Bad Sooden-Adf. (14.4.-22.4)"]
[Date "2012.04.18"]
[Round "5.88"]
[White "Girod, Gudrun"]
[Black "Krueger, Bernhard"]
[Result "0-1"]
[WhiteElo "1301"]
[BlackElo "1530"]
[PlyCount "65"]
[EventDate "2012.04.??"]
[EventType "swiss"]
[EventRounds "9"]
[EventCountry "GER"]
[WhiteTeam "Hannover 96 Schach"]
[BlackTeam "Grunbach SC"]

1. d4 e6 2. c4 Nf6 3. e3 Bb4+ 4. Bd2 Qe7 5. a3 Bxd2+ 6. Nxd2 b6 7. Ngf3 Bb7 8.
Be2 O-O 9. O-O d6 10. h3 Nbd7 11. Nh2 d5 12. Rc1 Rac8 13. b4 c5 14. dxc5 bxc5
15. b5 Rfd8 16. Nb3 dxc4 17. Na5 Nb6 18. Qe1 Bd5 19. Bf3 Qe8 20. Bxd5 exd5 21.
Nc6 Rd7 22. Nf3 Ne4 23. Nfe5 Rdc7 24. f3 Nd6 25. Qg3 Nxb5 26. Na5 Re7 27. Ng4
Re6 28. f4 h5 29. Ne5 Nd6 30. Qg5 Ne4 31. Kh2 Nf6 32. Rg1 Qe7 33. Rce1 0-1

[Event "Hessen Senioren-ch 2012  8th"]
[Site "Bad Sooden-Adf. (14.4.-22.4)"]
[Date "2012.04.18"]
[Round "5.89"]
[White "Helm, Irmgard"]
[Black "Dinius, Helmut"]
[Result "1/2-1/2"]
[WhiteElo "1369"]
[BlackElo "1475"]
[PlyCount "86"]
[EventDate "2012.04.??"]
[EventType "swiss"]
[EventRounds "9"]
[EventCountry "GER"]
[WhiteTeam "Berlin Oberschöneweide TSG"]
[BlackTeam "Ludwigsstadt TSV"]

1. d4 d5 2. c4 e6 3. Nf3 Nc6 4. e3 Nf6 5. Nc3 dxc4 6. Bxc4 Be7 7. O-O O-O 8.
Bb3 a6 9. Bc2 h6 10. Ne4 Nxe4 11. Bxe4 Bd7 12. a3 Rb8 13. Bc2 f5 14. Qd3 Be8
15. Bb3 Bf7 16. e4 Qd7 17. Rd1 Rbd8 18. Be3 Qc8 19. h3 Bf6 20. e5 Nxe5 21. Nxe5
Bxe5 22. f4 Bf6 23. Bc2 Bg6 24. Qe2 Kh7 25. g4 Be7 26. g5 Rd6 27. h4 Qe8 28.
Qf3 Bh5 29. Qg3 Bxd1 30. Rxd1 h5 31. Kf2 g6 32. b4 Rf7 33. Bb3 Bf8 34. Qf3 Qc6
35. d5 Qc3 36. Bc5 Qxf3+ 37. Kxf3 Rd8 38. dxe6 Rxd1 39. Bxd1 Bxc5 40. exf7 Bd6
41. Bb3 c5 42. bxc5 Bxc5 43. a4 Kg7 1/2-1/2

[Event "Hessen Senioren-ch 2012  8th"]
[Site "Bad Sooden-Adf. (14.4.-22.4)"]
[Date "2012.04.18"]
[Round "5.90"]
[White "Fuchs, Manfred(38)"]
[Black "Luebbers, Doris Dr"]
[Result "1-0"]
[WhiteElo "1523"]
[BlackElo "1345"]
[PlyCount "67"]
[EventDate "2012.04.??"]
[EventType "swiss"]
[EventRounds "9"]
[EventCountry "GER"]
[WhiteTeam "Erkrath 1973 SC"]
[BlackTeam "Königstein/Schwalbach Sfr."]

1. d4 d5 2. c4 Nf6 3. Bg5 e6 4. e3 Be7 5. Nf3 b6 6. Nc3 Bb7 7. cxd5 exd5 8. Bd3
Ne4 9. Bxe7 Qxe7 10. Rc1 O-O 11. O-O c6 12. Qc2 f5 13. Ne2 Nd7 14. Rfe1 g6 15.
Qb3 Kg7 16. Nf4 Rac8 17. Bf1 Qf7 18. Rc2 Rfe8 19. Nd3 c5 20. Nde5 Nxe5 21. Nxe5
Qe7 22. Bb5 Red8 23. Qa4 Ba8 24. Rec1 c4 25. Bc6 Rd6 26. Bxa8 Rxa8 27. f3 Nf6
28. b3 Kh6 29. bxc4 dxc4 30. Qxc4 Nd5 31. Qb3 Qb7 32. e4 fxe4 33. fxe4 Nf4 34.
Nf7+ 1-0

[Event "Hessen Senioren-ch 2012  8th"]
[Site "Bad Sooden-Adf. (14.4.-22.4)"]
[Date "2012.04.18"]
[Round "5.91"]
[White "Paulin, Dieter"]
[Black "Wernitz, Armin"]
[Result "1-0"]
[WhiteElo "1493"]
[BlackElo "1328"]
[PlyCount "63"]
[EventDate "2012.04.??"]
[EventType "swiss"]
[EventRounds "9"]
[EventCountry "GER"]
[WhiteTeam "Dingelstädt 1921 SK"]
[BlackTeam "Brandenburg Post SpV"]

1. a3 g6 2. Nf3 Bg7 3. d4 d5 4. Bf4 c6 5. e3 Nf6 6. Bd3 Nh5 7. Bg3 Nxg3 8. hxg3
f5 9. Nbd2 Nd7 10. c3 Nf6 11. Ne5 O-O 12. Qe2 Be6 13. Ndf3 Ne4 14. O-O-O h6 15.
Nxg6 Rf6 16. Nfe5 Bf7 17. Nxf7 Rxf7 18. Nf4 Qd6 19. Rh4 e5 20. Nh5 Bf8 21. dxe5
Qxe5 22. Bxe4 dxe4 23. Qc4 Be7 24. Rh3 Rd8 25. Rxd8+ Bxd8 26. Nf4 Qd6 27. Ne6
b5 28. Qb3 Rd7 29. Nxd8+ Kf8 30. Ne6+ Ke7 31. Nd4 c5 32. Nxf5+ 1-0

[Event "Hessen Senioren-ch 2012  8th"]
[Site "Bad Sooden-Adf. (14.4.-22.4)"]
[Date "2012.04.18"]
[Round "5.92"]
[White "Freerksen, Uwe"]
[Black "Maczollek, Helmut"]
[Result "1/2-1/2"]
[WhiteElo "1275"]
[BlackElo "1412"]
[PlyCount "76"]
[EventDate "2012.04.??"]
[EventType "swiss"]
[EventRounds "9"]
[EventCountry "GER"]
[WhiteTeam "Emden SK"]
[BlackTeam "Lage Turm SK"]

1. e4 d6 2. Nf3 Nf6 3. Nc3 c6 4. d3 Bg4 5. Be2 e5 6. Be3 Be7 7. h3 Bh5 8. O-O
O-O 9. Nh2 Bxe2 10. Nxe2 Nbd7 11. f4 d5 12. f5 dxe4 13. d4 exd4 14. Nxd4 Bc5
15. c3 Ne5 16. Qe2 Qe7 17. b4 Bb6 18. Rad1 Rfe8 19. a3 c5 20. Nc2 Ned7 21. Kh1
Rac8 22. c4 cxb4 23. Nxb4 Bxe3 24. Qxe3 Rxc4 25. Qxa7 Ne5 26. Nd5 Nxd5 27. Rxd5
Rc7 28. Rfd1 Nd3 29. Qb6 Nf2+ 30. Qxf2 Qxa3 31. Rd8 Kf8 32. Ng4 Rc1 33. Rxe8+
Kxe8 34. Rxc1 Qxc1+ 35. Kh2 b5 36. f6 g6 37. Qa7 Qf4+ 38. Kh1 Qf1+ 1/2-1/2

[Event "Hessen Senioren-ch 2012  8th"]
[Site "Bad Sooden-Adf. (14.4.-22.4)"]
[Date "2012.04.18"]
[Round "5.93"]
[White "Goepfart, Dietrich"]
[Black "Geibel, Henning"]
[Result "1-0"]
[WhiteElo "1438"]
[BlackElo "1237"]
[PlyCount "53"]
[EventDate "2012.04.??"]
[EventType "swiss"]
[EventRounds "9"]
[EventCountry "GER"]
[WhiteTeam "Weimar Vimaria 91 SSV"]
[BlackTeam "Bargteheide SV"]

1. e4 e5 2. Nf3 d6 3. Bc4 Be7 4. O-O h6 5. h3 Nf6 6. Re1 O-O 7. c3 a6 8. d4
exd4 9. cxd4 b5 10. Bb3 c5 11. d5 c4 12. Bc2 Nbd7 13. Be3 Nh7 14. a3 Ng5 15.
Nbd2 Bf6 16. Rb1 Ne5 17. Nxe5 Bxe5 18. f4 Nxh3+ 19. gxh3 Bf6 20. Qf3 c3 21.
bxc3 Bxc3 22. Re2 Bd7 23. f5 Qa5 24. Rg2 Kh8 25. Qh5 Qxa3 26. Bxh6 Qc5+ 27.
Be3+ 1-0